Thực hành vật lí đại cương
Giáo trình Thực hành vật lí đại cương gồm ba phần chính: Phần một: Sơ lược về lí thuyết sai số. Phần hai: Giới thiệu một số dụng cụ đo và các máy móc thông dụng thường dùng trong thí nghiệm vật lý. Phần ba: Nội dung các bài thí nghiẹ...
محفوظ في:
| المؤلف الرئيسي: | |
|---|---|
| التنسيق: | كتاب |
| اللغة: | Undetermined |
| منشور في: |
Hà Nội
Giáo dục
2000
|
| الموضوعات: | |
| الوسوم: |
إضافة وسم
لا توجد وسوم, كن أول من يضع وسما على هذه التسجيلة!
|
| Thư viện lưu trữ: | Trung tâm Học liệu Trường Đại học Cần Thơ |
|---|
| LEADER | 01015nam a2200205Ia 4500 | ||
|---|---|---|---|
| 001 | CTU_37327 | ||
| 008 | 210402s9999 xx 000 0 und d | ||
| 020 | |c 13500 | ||
| 082 | |a 530 | ||
| 082 | |b Th116 | ||
| 100 | |a Nguyễn, Duy Thắng | ||
| 245 | 0 | |a Thực hành vật lí đại cương | |
| 245 | 0 | |c Nguyễn Duy Thắng | |
| 260 | |a Hà Nội | ||
| 260 | |b Giáo dục | ||
| 260 | |c 2000 | ||
| 520 | |a Giáo trình Thực hành vật lí đại cương gồm ba phần chính: Phần một: Sơ lược về lí thuyết sai số. Phần hai: Giới thiệu một số dụng cụ đo và các máy móc thông dụng thường dùng trong thí nghiệm vật lý. Phần ba: Nội dung các bài thí nghiệm theo nội dung chương trình do Bộ Giáo dục và Đào tạo ban hành năm 1996. | ||
| 650 | |a Physics | ||
| 904 | |i Duy Bằng | ||
| 980 | |a Trung tâm Học liệu Trường Đại học Cần Thơ | ||